Sports Quiz

Random Sports or WWE Quiz

WWE's Top 25 Best WrestleMania Matches Quiz Stats

 Plays Quiz not verified by Sporcle

Score 0/83 Timer 05:00
1 Play Today
Event Superstar % Correct
WrestleMania XVThe Rock
97.7%
WrestleMania XVIIThe Rock
97.7%
WrestleMania XVStone Cold Steve Austin
97.3%
WrestleMania XVStone Cold
97.3%
WrestleMania XXVIIIShawn Michaels
97.3%
WrestleMania XXIIIShawn Michaels
97.3%
WrestleMania XIXShawn Michaels
97.3%
WrestleMania XIXShawn Michaels
97.3%
WrestleMania XXIVShawn Michaels
97.3%
WrestleMania XXIVShawn Michaels
97.3%
WrestleMania XXIShawn Michaels
97.3%
WrestleMania XXIShawn Michaels
97.3%
WrestleMania XShawn Michaels
97.3%
WrestleMania XIIShawn Michaels
97.3%
WrestleMania XIIShawn Michaels
97.3%
WrestleMania XXVIShawn Michaels
97.3%
WrestleMania XIIIStone Cold Steve Austin
97.3%
WrestleMania XVIIStone Cold Steve Austin
97.3%
WrestleMania XVIIStone Cold Steve Austin
97.3%
WrestleMania XXVShawn Michaels
97.3%
WrestleMania XXIVThe Undertaker
97.2%
WrestleMania XXIVThe Undertaker
97.2%
WrestleMania XXVIIIThe Undertaker
97.2%
WrestleMania XXVIIIThe Undertaker
97.2%
WrestleMania XXVIIThe Undertaker
97.2%
WrestleMania XXVIIThe Undertaker
97.2%
WrestleMania XXVIThe Undertaker
97.2%
WrestleMania XXVIThe Undertaker
97.2%
Event Superstar % Correct
WrestleMania XXVThe Undertaker
97.2%
WrestleMania XXVThe Undertaker
97.2%
WrestleMania XXVIIITriple H
96.9%
WrestleMania XXVIITriple H
96.9%
WrestleMania XXXTriple H
96.9%
WrestleMania XVIIEdge & Christian
96.1%
WrestleMania XVIIEdge & Christian
96.1%
WrestleMania XXIVEdge
96%
WrestleMania XXIEdge
96%
WrestleMania XXIIEdge
96%
WrestleMania XXIEdge
96%
WrestleMania XXIIEdge
96%
WrestleMania VIIIBret Hart
94.5%
WrestleMania VIIIBret Hart
94.5%
WrestleMania X Bret Hart
94.5%
WrestleMania X Bret Hart
94.5%
WrestleMania XIIBret Hart
94.5%
WrestleMania XIIIBret Hart
94.5%
WrestleMania XIIIBret Hart
94.5%
WrestleMania X Owen Hart
93.2%
WrestleMania XVIIJeff & Matt Hardy
92.7%
WrestleMania XXIIIJohn Cena
91.8%
WrestleMania XXIIIJohn Cena
91.8%
WrestleMania VIIMacho Man Randy Savage
91.6%
WrestleMania VIIIMacho Man Randy Savage
91.6%
WrestleMania VIIIMacho Man Randy Savage
91.6%
WrestleMania IIIMacho Man Randy Savage
91.6%
WrestleMania XXIIMick Foley
91.3%
Event Superstar % Correct
WrestleMania XVMankind
91.3%
WrestleMania XVIIBubba Ray & D-Von Dudley
91.2%
WrestleMania XIXBrock Lesnar
90.9%
WrestleMania XIXBrock Lesnar
90.9%
WrestleMania XXIVRic Flair
90.1%
WrestleMania VIIIRic Flair
90.1%
WrestleMania XXKurt Angle
89.2%
WrestleMania XIXKurt Angle
89.2%
WrestleMania XXIKurt Angle
89.2%
WrestleMania XRazor Ramon
86.5%
WrestleMania XRazor Ramon
86.5%
WrestleMania XXXDaniel Bryan
86.4%
WrestleMania XXXDaniel Bryan
86.4%
WrestleMania XXIChris Jericho
86.3%
WrestleMania XIXChris Jericho
86.3%
WrestleMania VIIUltimate Warrior
85.9%
WrestleMania VIIUltimate Warrior
85.9%
WrestleMania IIIRicky Steamboat
84.3%
WrestleMania IIIRicky Steamboat
84.3%
WrestleMania XXEddie Guerrero
83.3%
WrestleMania XXEddie Guerrero
83.3%
WrestleMania XXIKane
82.9%
WrestleMania XXIChris Benoit
80.7%
WrestleMania XXIChristian
75.2%
WrestleMania XXIShelton Benjamin
73%
WrestleMania XIIIKen Shamrock
70.7%
WrestleMania VIIIRowdy Roddy Piper
60.4%

You're not logged in!

Compare scores with friends on all Sporcle quizzes.
OR
Log In

Show Comments

Extras

Top Quizzes Today


Score Distribution

Your Account Isn't Verified!

In order to create a playlist on Sporcle, you need to verify the email address you used during registration. Go to your Sporcle Settings to finish the process.

Report this User

Report this user for behavior that violates our Community Guidelines.

Details: